000 00613nam a22001697a 4500
082 _a005
100 _aHassan, Jawwad; Fakhar ali khan; Faiq khalid and M. yasin malik
245 _aInterest Free Economy /
_cJawwad Hassan; Fakhar ali khan; Faiq khalid and M. yasin malik
260 _aIslamabad :
_bSEECS - NUST,
300 _a36 p. : ill. ;
_c30cm.
563 _aHBK.
650 _aBachelor project Report.
_934826
700 _aSup: Dr. Muhammad Yusuf.
_934827
856 _uhttp://10.250.8.41:8080/xmlui/handle/123456789/28657
942 _2ddc
_cTHE
999 _c540677
_d540677